000 00286nam a2200121Ia 4500
082 _a616.075
_bC06L
100 _aLAKHKAR,BHUSHAN N
245 _aCONCISE RADIOLOGY FOR UG STUDENTS
250 _a1ST
260 _bARYA PUB.
_aDELHI
_c2006
650 _aRADIOLOGY & DIAGNOSIS
942 _2ddc
_cBK
999 _c955
_d955